German Speaking Countries - Statistics

General Stats
  • This quiz has been taken 40 times
  • The average score is 5 of 6
Answer Stats
Country % Correct
Germany
97%
Austria
92%
Belgium
89%
Liechtenstein
87%
Switzerland
87%
Luxembourg
84%
No matching quizzes found
Score Distribution
Percent of People with Each Score
Percentile by Number Answered
Your Score History
You have not taken this quiz